History Quiz

Random History or Politics Quiz

Bald and Hairy Leaders Quiz Stats

 Plays Quiz not verified by Sporcle

Challenge
Share
Tweet
Score 0/18 Timer 02:00
0 Plays Today
Russian/Soviet Leader Hairy (H) or Bald (B) % Correct
Joseph Stalin???
95.8%
Dmitry Medvedev???
94.3%
Mikhail Gorbachev???
91.6%
Boris Yeltsin???
91%
Nicholas II???
90.4%
Leonid Brezhnev???
90.4%
Vladimir Lenin???
90.1%
Vladimir Putin (2)???
89.5%
Alexander II???
88.3%
Russian/Soviet Leader Hairy (H) or Bald (B) % Correct
Alexander Kerensky???
87.7%
Nikita Khrushchev???
86.5%
Konstantin Chernenko???
82.9%
Vladimir Putin???
82%
Whoever comes after Putin???
77.2%
Yuri Andropov???
76.3%
Georgy Lvov???
68.3%
Alexander III???
61.4%
Nicholas I???
57.5%

You're not logged in!

Compare scores with friends on all Sporcle quizzes.
Join for Free
OR
Log In

You Might Also Like...

Show Comments

Extras

Top Quizzes Today


Score Distribution

Your Account Isn't Verified!

In order to create a playlist on Sporcle, you need to verify the email address you used during registration. Go to your Sporcle Settings to finish the process.

Report this User

Report this user for behavior that violates our Community Guidelines.

Details: